000 01132nam2a22002531 4500
001 rc\60464
005 20250620193511.0
010 _a5-85417-042-6
_926000
035 _a(NLR Aleph) 005388343
090 _a7164673
_c7164673
100 _a20021216d1995 |||y0rusy50 ca
101 0 _arus
102 _aRU
105 _aa |||||||||
200 1 _aКонец людей
_eТрилогия
_hКн. 1
_iСильные мира сего
_f[Пер. Я.З. Лесюка и др.]
210 _d1995
_aБ. м.
215 _a314, [2] с.
_cил.
461 0 _1001rc\60458
_12001#$aСобрание сочинений$eВ 7 т.$eПер. с фр.$fМорис Дрюон$g[Вступ. ст. Ю. Уварова$gХудож. Ю.А. Петрунин]$vТ. 6
_1700#1$aДрюон$bМ.$f1918-2009$gМорис$3RU\NLR\auth\7745460
_97164616
_aДрюон, М. (1918-2009)
_cМ.
_d1992-
_fМорис Дрюон
_nИКК "Пересвет"
_oВ 7 т. : Пер. с фр.
_tСобрание сочинений
_y5854170043
_vТ. 6
801 0 _aRU
_bNLR
_gpsbo
801 1 _aRU
_bELAR
_2rusmarc
852 _aNLR
_j92-3/8224
942 _cBOOK
980 _aNB